Les 15 clubs de Ligue 1 avec le + de points de l'histoire. - Statistiques

Statistiques générales
  • Ce quiz a été pris 577 fois
  • Le résultat moyen est 12 sur 15
Statistiques - réponses
Nombres de Points Clubs % Correct
2954 Points Marseille
97%
2617 Points Lyon
94%
2839 Points Bordeaux
93%
2789 Points Saint-Etienne
89%
2255 Points Nantes
88%
2293 Points Nice
88%
2237 Points Rennes
87%
2193 Points Lens
85%
2381 Points Lille
83%
2716 Points Monaco
79%
2090 Points Strasbourg
79%
1460 Points Reims
75%
2228 Points Paris Saint Germain
73%
2084 Points Metz
67%
2350 Points Sochaux
67%
Aucun quiz correspondant
Distribution des résultats
% des personnes avec chaque résultat
Percentile par nombre de réponses
Votre historique - résultats
Vous n’avez pas pris ce quiz